| 000 | 01040nam a22003135a 4500 | ||
|---|---|---|---|
| 005 | 20150818151127.0 | ||
| 008 | 081016t2007 okua|||fr|||| 001 0 eng d | ||
| 010 | _a 2006034984 | ||
| 020 | _a1593700725 (hbk.) | ||
| 020 | _a9781593700720 (hbk.) | ||
| 035 | _a(OCoLC)ocm74029366 | ||
| 035 | _a(OCoLC)74029366 | ||
| 040 |
_aEG-ScBUE _beng _cEG-ScBUE |
||
| 082 | 0 | 4 |
_a622.3381 _bAZA _222 |
| 100 | 1 |
_aAzar, Jamal J., _924657 |
|
| 245 | 1 | 0 |
_aDrilling engineering / _cJ.J. Azar, G. Robello Samuel. |
| 260 |
_aTulsa : _bPennWell Corporation, _cc.2007. |
||
| 300 |
_ax, 486 p. : _bill. ; _c24 cm. |
||
| 500 | _aIndex : p. 473-486. | ||
| 504 | _aBibliography : p. 465-471. | ||
| 590 | _ayassmeen ashraf | ||
| 650 | 0 |
_aOil well drilling. _924658 _2BUEsh |
|
| 650 | 0 |
_aGas well drilling. _924659 _2BUEsh |
|
| 651 | _2BUEsh | ||
| 653 |
_bENGPET _cAugust2015 |
||
| 700 | 1 |
_aSamuel, G. Robello. _924660 |
|
| 856 | 4 | 1 |
_3Table of contents only _uhttp://www.loc.gov/catdir/toc/ecip073/2006034984.html |
| 942 |
_cBB _k622.3381 AZA _2ddc |
||
| 999 |
_c8621 _d8621 |
||